00920nam a2200229 a 4500001001000000003000500010005001700015008004100032010001100073011001100084040000900095100003700104245013000141260004100271500006000312502008300372650004000455650003900495650004800534650003800582856007000620000115373CHAP20220329144531.0190515s2018 mx a sm |||||||spa d a111834 a112806 cCHAP1 aDomínguez Gutiérrez, Mareli.13aEl drama social y cultural de los jornaleros cañeros (Estudio de caso) /h[En línea]cpor Mareli Domínguez Gutiérrez. aChapingo, Méx. :bEl autor,c2018. aPara ver el contenido del material haga clic en la liga aTesis (M.C. en Sociología Rural) -- UACH. Departamento de Sociología Rural14aAgriculturaxTrabajadoresxVeracruz14aCampesinadoxCondiciones sociales.14aCaña de azúcarxTrabajadoresxVeracruz.14aCostos y nivel de vidaxVeracruz. aFinding aiduhttp://10.13.5.2/tesis/sist115373.pdfzTeclea aquí